ČSN 01 0172 Pokyny pro vypracování a rozvíjení vícejazyčných tezaurů

Guardado en:
Detalles Bibliográficos
Formato: Libro
Lenguaje:checo
Publicado: Praha Vydavatelství norem 1991
Materias:
Etiquetas: Agregar Etiqueta
Sin Etiquetas, Sea el primero en etiquetar este registro!

MARC

LEADER 00000nam a2200000 4500
001 c110070
005 20251204103248.8
041 0 |a cze 
044 |a CZ 
245 1 0 |a ČSN 01 0172 Pokyny pro vypracování a rozvíjení vícejazyčných tezaurů  |c zpracovatel: J. Skolek 
264 1 |a Praha  |b Vydavatelství norem  |c 1991 
300 |a 57 s. 
500 |a Norma je prekladom ISO 5964-1985 
610 2 0 |a jazykoveda 
610 2 0 |a terminológia 
610 2 0 |a jazyky cudzie 
610 2 0 |a tezaury